Микроструктура и микромеханизмы разрушения сплава системы Ni-Cr-Al, полученного методом электронно-лучевого аддитивного производства; Перспективы развития фундаментальных наук; Т. 1 : Физика
| Parent link: | Перспективы развития фундаментальных наук=Prospects of Fundamental Sciences Development: сборник научных трудов XХII Международной конференции студентов, аспирантов и молодых ученых, г. Томск, 22-25 апреля 2025/ Национальный исследовательский Томский политехнический университет ; под ред. И. А. Курзиной [и др.].— .— Томск: Изд-во ТПУ Т. 1 : Физика.— 2025.— С. 167-169 |
|---|---|
| Glavni avtor: | |
| Drugi avtorji: | , , |
| Izvleček: | Заглавие с экрана Using electron-beam additive manufacturing, a sample of Ni-Cr-Al alloy was obtained. Microstructure, microhardness and fracture micromechanisms of the alloy under uniaxial tension were studied. It was established that high fraction of the brittle intermetallic phases is responsible for low plasticity and brittle fracture of the material at temperatures below 873 K. The material and method can be applied for synthesis of intermetallic coatings Текстовый файл |
| Jezik: | ruščina |
| Izdano: |
2025
|
| Teme: | |
| Online dostop: | http://earchive.tpu.ru/handle/11683/132836 |
| Format: | Elektronski Book Chapter |
| KOHA link: | https://koha.lib.tpu.ru/cgi-bin/koha/opac-detail.pl?biblionumber=682406 |
MARC
| LEADER | 00000naa2a2200000 4500 | ||
|---|---|---|---|
| 001 | 682406 | ||
| 005 | 20251101135142.0 | ||
| 090 | |a 682406 | ||
| 100 | |a 20251017d2025 k||y0rusy50 ca | ||
| 101 | 0 | |a rus | |
| 102 | |a RU | ||
| 135 | |a drcn ---uucaa | ||
| 200 | 1 | |a Микроструктура и микромеханизмы разрушения сплава системы Ni-Cr-Al, полученного методом электронно-лучевого аддитивного производства |d Microstructure and fracture micromechanisms of Ni-Cr-Al alloy obtained by electron-beam additive manufacturing |f М. А. Лысунец, Е. А. Загибалова, Д. О. Астапов |g науч. рук. Е. Г. Астафурова |z eng | |
| 300 | |a Заглавие с экрана | ||
| 320 | |a Список литературы: 5 назв | ||
| 330 | |a Using electron-beam additive manufacturing, a sample of Ni-Cr-Al alloy was obtained. Microstructure, microhardness and fracture micromechanisms of the alloy under uniaxial tension were studied. It was established that high fraction of the brittle intermetallic phases is responsible for low plasticity and brittle fracture of the material at temperatures below 873 K. The material and method can be applied for synthesis of intermetallic coatings | ||
| 336 | |a Текстовый файл | ||
| 461 | 1 | |0 682243 |t Перспективы развития фундаментальных наук |l Prospects of Fundamental Sciences Development |o сборник научных трудов XХII Международной конференции студентов, аспирантов и молодых ученых, г. Томск, 22-25 апреля 2025 |9 682243 |c Томск |n Изд-во ТПУ |f Национальный исследовательский Томский политехнический университет ; под ред. И. А. Курзиной [и др.] | |
| 463 | 1 | |0 682245 |9 682245 |t Т. 1 : Физика |d 2025 |u conference_tpu-2025-C21_V1.pdf |v С. 167-169 |l Vol. 1 : Physics | |
| 610 | 1 | |a труды учёных ТПУ | |
| 610 | 1 | |a электронный ресурс | |
| 610 | 1 | |a electron beam additive manufacturing | |
| 610 | 1 | |a intermetallic alloys | |
| 610 | 1 | |a microstructure | |
| 610 | 1 | |a microhardness | |
| 610 | 1 | |a dendritic structure | |
| 700 | 1 | |a Лысунец |b М. А. | |
| 701 | 1 | |a Загибалова |b Е. А. | |
| 701 | 1 | |a Астапов |b Д. О. | |
| 702 | 1 | |a Астафурова |b Е. Г. |c химик |c младший научный сотрудник Томского политехнического университета, кандидат физико-математических наук |f 1977- |g Елена Геннадьевна |4 727 | |
| 801 | 0 | |a RU |b 63413507 |c 20251017 |g RCR | |
| 850 | |a 63413507 | ||
| 856 | 4 | |z http://earchive.tpu.ru/handle/11683/132836 |u http://earchive.tpu.ru/handle/11683/132836 | |
| 942 | |c CF | ||